| 000 | 00639cam a22002531 4500 | ||
|---|---|---|---|
| 001 | sa 68001367 | ||
| 003 | DLC | ||
| 005 | 20260227112432.0 | ||
| 008 | 930224s1966 ii 000 0 tamo | ||
| 010 | _asa 68001367 | ||
| 020 | _cRs2.00 | ||
| 025 | _aPL480 : I-T-1708 | ||
| 035 | _a(OCoLC)28264301 | ||
| 040 |
_aDLC _cICU _dDLC |
||
| 042 | _apremarc | ||
| 050 | 0 | 0 |
_aBJ1588.T3 _bS35 |
| 100 | 1 |
_aShanmugam, R., _d1926- |
|
| 245 | 1 | 0 |
_aOl̲ukka ner̲i / _c'Racam.' |
| 250 | _a1. patippu. | ||
| 260 |
_aCen̲n̲ai : _bTamil̲p Paṇṇai, _c1966. |
||
| 300 |
_a98 p. ; _c18 cm. |
||
| 500 | _aIn Tamil. | ||
| 650 | 0 | _aConduct of life. | |
| 999 |
_c77895 _d77895 |
||